Teoria i praktyka podzialu

Saved in:
Bibliographic Details
Format: Book
Language:Polish
Published: Warszawa Wyd. Ekon. 1988
Edition:1. wyd.
Tags: Add Tag
No Tags, Be the first to tag this record!

MARC

LEADER 00000nam a2200000 4500
001 c025243
005 20221219123800.8
041 0 |a pol 
044 |a PL 
245 1 0 |a Teoria i praktyka podzialu 
250 |a 1. wyd. 
264 1 |a Warszawa  |b Wyd. Ekon.  |c 1988 
300 |a 369 s.  |e 1 tab. príl.